000 00506nam a22001697a 4500
999 _c10457
_d10457
008 180830b ||||| |||| 00| 0 eng d
020 _a9789350145845
082 _22017
_aDC 629.819
_bM473
100 _930706
_aMeher, S.P.
245 _aControl systems/
_cS.P. Meher
260 _aNew Delhi, India:
_bS.K. Kataria & Sons,
_cc2017.
300 _a218 pages:
_billustrations;
_c24 cm.
500 _aInclude index.
650 0 _930707
_aAutomatic control
650 0 _930708
_aControl theory
942 _2ddc
_cDC